| 000 | 00737nam a2200205 i 4500 | ||
|---|---|---|---|
| 001 | 172443 | ||
| 003 | ES-MaACL | ||
| 005 | 20231223063115.0 | ||
| 008 | 090707s1995 sp |||| |dspa d | ||
| 080 | _a821.134.2 Olmo, Lauro 1.07 | ||
| 245 | 0 | 0 | _aLauro Olmo. |
| 260 |
_a[Alcalá de Henares (Madrid)] : _bServicio de Publicaciones de la Universidad de Alcalá, _c1995. |
||
| 300 |
_a303 p. ; _c25 cm. |
||
| 500 | _aEn: Teatro, revista de estudios teatrales, dedicado a Lauro Olmo, en diciembre de 1995. | ||
| 600 | 1 | 7 |
_aOlmo, Lauro, _d1922-1994- _xCrítica e interpretación _9140977 |
| 710 | 2 |
_aUniversidad de Alcalá de Henares. _97135 |
|
| 852 |
_aES-MaACL _jE-12758 |
||
| 942 | _2udc | ||
| 999 |
_c172443 _d172443 |
||